Metadata
| 000 -Etiqueta do registo |
| campo de controlo de comprimento fixo |
00897cam a2200289 4500 |
| 001 - Identificador do registo |
| Campo de controlo |
25402 |
| 005 - Identificador da versão |
| Campo de controlo |
20260320092702.0 |
| 010 ## - ISBN |
| Número (ISBN) |
9722215752 |
| 021 ## - Nº depósito legal |
| Código do país |
Portugal |
| Número |
77214/94 |
| 100 ## - Dados Gerais de Proc. |
| Dados gerais de processamento |
19941014d1994 m y0pory5003 ba |
| 101 0# - Língua da publicação |
| Língua do texto, banda sonora, etc. |
Português |
| 102 ## - País de Publicação |
| País de publicação |
Portugal |
| 105 ## - Dados Codif. Livros |
| Dados codificados dos livros |
a z 001yy |
| 106 ## - Atributos Físicos |
| Dados codificados do material textual |
r |
| 200 1# - Título |
| Título próprio |
Terra de Valdevez e Montaria do Soajo |
| Informação de outro título |
memória monográfica do concelho de Arcos de Valdevez |
| Primeira menção de responsabilidade |
Eugénio de Castro Caldas |
| 210 #9 - Publicação, Distribuição |
| Lugar da edição, distribuição, etc. |
[Lisboa] |
| Nome do editor, distribuidor, etc. |
Verbo |
| Data da publicação, distribuição, etc. |
imp. 1994 |
| 215 ## - Descrição física |
| Descrição física |
385, [2] p., [22] f. il. |
| Outras indicações físicas |
il. |
| Dimensões |
24 cm |
| 675 ## - CDU |
| Notação |
39 |
| Edição |
BN |
| Língua da edição |
Português |
| 700 #1 - Responsabilidade principal |
| Palavra de ordem |
Caldas |
| Outra parte do nome |
Eugénio de Castro |
| Datas |
1914-1999 |
| 801 #0 - Fonte de origem |
| País |
Portugal |
| Agência |
BEDB |
| Regras de catalogação |
RPC |
| 090 ## - Números de controlo do sistema (Koha) |
| Número biblioitem do Koha (gerado automaticamente) |
25402 |
| 942 ## - Elementos de entrada adicionados (Koha) |
| Suprimido |
Disponível no OPAC |
| Tipo de item no Koha |
Monografia |